[Event "SVK-chT2D 1718"]
[Site "Slovakia"]
[Date "2017.10.29"]
[Round "2.6"]
[White "Kardis, Benjamin"]
[Black "Jakubik, Matej"]
[Result "1-0"]
[WhiteElo "1820"]
[BlackElo "1930"]
[PlyCount "29"]
[EventDate "2017.10.28"]
[EventType "team-tourn"]
[EventRounds "11"]
[EventCountry "SVK"]
[SourceTitle "EXT 2019"]
[Source "ChessBase"]
[SourceDate "2018.10.10"]
[SourceVersion "1"]
[SourceVersionDate "2018.10.10"]
[SourceQuality "1"]
[WhiteTeam "Presov Slavia"]
[BlackTeam "Kosice 1 CC"]
[WhiteTeamCountry "SVK"]
[BlackTeamCountry "SVK"]

1. d4 Nf6 2. Nf3 e6 3. Bf4 b6 4. e3 Bb7 5. Bd3 Be7 6. 0-0 Nh5 7. Nbd2 d6 8. h3 Nxf4 9. exf4 Nd7 10. Qe2 0-0 11. Rfe1 Re8 12. Ne4 Nf6 13. Rad1 a6 14. Nfg5 g6 15. Nxf7 1-0

[Event "Oravska Priehrada op"]
[Site "Namestovo"]
[Date "2017.08.26"]
[Round "3"]
[White "Jakubik, Matej"]
[Black "Cech, Dominik"]
[Result "1-0"]
[WhiteElo "1894"]
[BlackElo "2139"]
[PlyCount "147"]
[EventDate "2017.08.25"]
[EventType "swiss"]
[EventRounds "7"]
[EventCountry "SVK"]
[SourceTitle "CBM 180 Extra"]
[Source "ChessBase"]
[SourceDate "2017.10.06"]
[SourceVersion "1"]
[SourceVersionDate "2017.10.06"]
[SourceQuality "1"]

1. d4 Nf6 2. Bf4 g6 3. Nc3 d5 4. e3 Bg7 5. h4 c6 6. Be2 h6 7. Nf3 Bg4 8. Ne5 Bxe2 9. Qxe2 Nbd7 10. 0-0-0 Qc8 11. f3 Nxe5 12. Bxe5 0-0 13. g4 Nd7 14. Bxg7 Kxg7 15. e4 dxe4 16. Nxe4 Qc7 17. Qe3 Nb6 18. h5 Nc4 19. Qe2 Qf4+ 20. Kb1 Nd6 21. Nc5 b6 22. Qe5+ Qxe5 23. dxe5 Nc4 24. Nd3 Rad8 25. Rhe1 c5 26. b3 Na3+ 27. Kb2 Nb5 28. c3 Nc7 29. Nf4 g5 30. Ne2 Nd5 31. Rd3 Nc7 32. Red1 Rc8 33. Rd7 Rfe8 34. Ng3 Kf8 35. Nf5 a5 36. Nxh6 Kg7 37. Nf5+ Kh7 38. Rxe7 Rxe7 39. Nxe7 Re8 40. Rd7 Ne6 41. Nd5 Kg7 42. Nxb6 Nf4 43. Nc4 Ng2 44. Rd5 Nf4 45. Rd7 Ng2 46. Rc7 Ne1 47. Kc1 Nxf3 48. Rxc5 Nh2 49. Ne3 Nf3 50. Rxa5 Nxe5 51. Kd2 Nf3+ 52. Kd3 Ne1+ 53. Kd2 Nf3+ 54. Ke2 Ng1+ 55. Kf1 Rxe3 56. Kxg1 Rg3+ 57. Kf2 Rxg4 58. Rf5 f6 59. a4 Rh4 60. a5 Rh2+ 61. Kg3 Rc2 62. Rc5 Kh6 63. b4 Ra2 64. Rc6 Kxh5 65. Rxf6 Ra1 66. Kg2 Kg4 67. a6 Ra2+ 68. Kf1 Kh3 69. b5 g4 70. Rg6 g3 71. c4 g2+ 72. Rxg2 Rxg2 73. a7 Ra2 74. b6 1-0

[Event "Oravska Priehrada op"]
[Site "Namestovo"]
[Date "2017.08.26"]
[Round "4"]
[White "Jakubik, Matej"]
[Black "Kapusta, Petr"]
[Result "0-1"]
[WhiteElo "1894"]
[BlackElo "2112"]
[PlyCount "84"]
[EventDate "2017.08.25"]
[EventType "swiss"]
[EventRounds "7"]
[EventCountry "SVK"]
[SourceTitle "CBM 180 Extra"]
[Source "ChessBase"]
[SourceDate "2017.10.06"]
[SourceVersion "1"]
[SourceVersionDate "2017.10.06"]
[SourceQuality "1"]

1. d4 Nf6 2. c4 g6 3. Nc3 Bg7 4. Nf3 0-0 5. e4 d6 6. Be2 e5 7. 0-0 Nc6 8. d5 Ne7 9. Ne1 Nd7 10. Nd3 f5 11. Bd2 Nf6 12. f3 f4 13. Rc1 g5 14. c5 Ng6 15. Nb5 Rf7 16. Ba5 b6 17. cxd6 cxd6 18. Bb4 Bf8 19. Rc6 Ne8 20. a4 a6 21. Na3 Bd7 22. Rc1 b5 23. axb5 axb5 24. Be1 h5 25. Nb4 g4 26. fxg4 hxg4 27. Bxg4 Qg5 28. Bxd7 Rxd7 29. Rc3 Rh7 30. Qe2 Nf6 31. h3 Raa7 32. Nc6 Rag7 33. Rff3 Nh4 34. Bxh4 Rxh4 35. Nxb5 Nxe4 36. Nb4 Nxc3 37. Nxc3 Qf5 38. Qe4 Qc8 39. Kh1 Rh5 40. Nc6 Rhg5 41. Rf2 Rg3 42. Qc2 Rxh3+ 0-1

[Event "SVK-ch U18/20"]
[Site "Liptovsky Mikulas"]
[Date "2017.04.26"]
[Round "7"]
[White "Batora, Matej"]
[Black "Jakubik, Matej"]
[Result "1-0"]
[WhiteElo "1985"]
[BlackElo "1943"]
[PlyCount "63"]
[EventDate "2017.04.22"]
[EventType "swiss"]
[EventRounds "9"]
[EventCountry "SVK"]
[SourceTitle "CBM 178 Extra"]
[Source "ChessBase"]
[SourceDate "2017.06.22"]
[SourceVersion "1"]
[SourceVersionDate "2017.06.22"]
[SourceQuality "1"]

1. e4 Nf6 2. e5 Nd5 3. d4 d6 4. c4 Nb6 5. exd6 cxd6 6. Nc3 g6 7. Be3 Bg7 8. Rc1 0-0 9. b3 f5 10. d5 e5 11. dxe6 Bxe6 12. Nf3 Nc6 13. Be2 f4 14. Bd4 Nxd4 15. Nxd4 Bxd4 16. Qxd4 d5 17. c5 Nc8 18. 0-0 Ne7 19. Bf3 Qd7 20. Rfe1 Nc6 21. Qd2 d4 22. Rxe6 Rad8 23. Rd6 dxc3 24. Bd5+ Kh8 25. Qxc3+ Qg7 26. Qxg7+ Kxg7 27. Bxc6 bxc6 28. Rxc6 Rd2 29. Rc7+ Kf6 30. Rxa7 Re8 31. a3 Ree2 32. Rf1 1-0

[Event "SVK-ch U18/20"]
[Site "Liptovsky Mikulas"]
[Date "2017.04.25"]
[Round "5"]
[White "Buco, Martin"]
[Black "Jakubik, Matej"]
[Result "0-1"]
[WhiteElo "1722"]
[BlackElo "1943"]
[PlyCount "80"]
[EventDate "2017.04.22"]
[EventType "swiss"]
[EventRounds "9"]
[EventCountry "SVK"]
[SourceTitle "CBM 178 Extra"]
[Source "ChessBase"]
[SourceDate "2017.06.22"]
[SourceVersion "1"]
[SourceVersionDate "2017.06.22"]
[SourceQuality "1"]

1. e4 Nf6 2. e5 Nd5 3. c4 Nb6 4. d4 d6 5. exd6 cxd6 6. Nc3 g6 7. Bd3 Bg7 8. Nge2 0-0 9. 0-0 Nc6 10. Be3 e5 11. dxe5 Nxe5 12. b3 Be6 13. Be4 Rb8 14. Rc1 f5 15. Bd5 Nxd5 16. Nxd5 b6 17. Qd2 Qd7 18. a4 Ng4 19. Bf4 Rbe8 20. h3 Ne5 21. Nec3 Nf7 22. Nb5 h6 23. h4 Qd8 24. Nbc7 Qxh4 25. Nxe8 Rxe8 26. Bg3 Qh5 27. Nc7 Re7 28. Nxe6 Rxe6 29. Rfe1 Rf6 30. Qd5 g5 31. Re6 Rxe6 32. Qxe6 f4 33. Bh2 Bd4 34. Qe8+ Kg7 35. Qe1 Ne5 36. Rd1 Bxf2+ 37. Kxf2 Ng4+ 38. Kg1 Qxh2+ 39. Kf1 Ne3+ 40. Ke2 Qh5+ 0-1

[Event "SVK-ch U18/20"]
[Site "Liptovsky Mikulas"]
[Date "2017.04.25"]
[Round "6"]
[White "Jakubik, Matej"]
[Black "Starovic, Martin"]
[Result "1/2-1/2"]
[WhiteElo "1943"]
[BlackElo "1825"]
[PlyCount "76"]
[EventDate "2017.04.22"]
[EventType "swiss"]
[EventRounds "9"]
[EventCountry "SVK"]
[SourceTitle "CBM 178 Extra"]
[Source "ChessBase"]
[SourceDate "2017.06.22"]
[SourceVersion "1"]
[SourceVersionDate "2017.06.22"]
[SourceQuality "1"]

1. d4 c5 2. d5 e5 3. c4 d6 4. e4 f5 5. Nc3 Nf6 6. Bd3 fxe4 7. Nxe4 Nxe4 8. Bxe4 Qf6 9. Qd3 g6 10. Ne2 Bf5 11. Ng3 Bxe4 12. Nxe4 Qf5 13. g4 Qf7 14. Ng5 Qd7 15. Ne6 Na6 16. Bg5 Nc7 17. Bf6 Rg8 18. f4 Nxe6 19. dxe6 Qxe6 20. fxe5 dxe5 21. 0-0-0 Be7 22. Bxe7 Kxe7 23. Qe4 Rad8 24. Qxb7+ Rd7 25. Qb5 Rc8 26. Rhf1 Rxd1+ 27. Rxd1 Qc6 28. Qa5 Qb6 29. Qd2 Qe6 30. Qg5+ Kf7 31. b3 Qe7 32. Qh6 Kg8 33. Qe3 Qf6 34. Kb1 Qf4 35. Qd3 Qd4 36. Qf3 e4 37. Qe2 Qe5 38. Rd5 Qe6 1/2-1/2

[Event "SVK-chT1E 1617"]
[Site "Slovakia"]
[Date "2017.01.22"]
[Round "7.8"]
[White "Sandor, Samuel"]
[Black "Jakubik, Matej"]
[Result "0-1"]
[WhiteElo "1299"]
[BlackElo "1926"]
[PlyCount "38"]
[EventDate "2016.10.15"]
[EventType "team-tourn"]
[EventRounds "11"]
[EventCountry "SVK"]
[SourceTitle "EXT 2018"]
[Source "ChessBase"]
[SourceDate "2017.10.13"]
[SourceVersion "1"]
[SourceVersionDate "2017.10.13"]
[SourceQuality "1"]
[WhiteTeam "Michalovce Zemplin"]
[BlackTeam "Presov Slavia PU"]
[WhiteTeamCountry "SVK"]
[BlackTeamCountry "SVK"]

1. e4 Nf6 2. Nc3 d5 3. e5 Nfd7 4. d4 e6 5. f4 c5 6. Nf3 Nc6 7. Be3 a6 8. Bd3 Be7 9. 0-0 b5 10. dxc5 Nxc5 11. Ne2 0-0 12. Qe1 Nxd3 13. cxd3 f6 14. Qg3 Bd7 15. h4 Rc8 16. h5 Nb4 17. Rad1 Rc2 18. Kf2 fxe5 19. fxe5 Bh4 0-1

[Event "SVK-ch U18/20"]
[Site "Liptovsky Mikulas"]
[Date "2016.04.21"]
[Round "7"]
[White "Chovan, Milan"]
[Black "Jakubik, Matej"]
[Result "1-0"]
[WhiteElo "2260"]
[BlackElo "1829"]
[PlyCount "49"]
[EventDate "2016.04.16"]
[EventType "swiss"]
[EventRounds "9"]
[EventCountry "SVK"]
[SourceTitle "CBM 172 Extra"]
[Source "ChessBase"]
[SourceDate "2016.06.21"]
[SourceVersion "1"]
[SourceVersionDate "2016.06.21"]
[SourceQuality "1"]

1. c4 Nf6 2. Nc3 g6 3. d4 Bg7 4. e4 d6 5. Nf3 0-0 6. Be2 c5 7. d5 a6 8. 0-0 Nbd7 9. h3 b5 10. cxb5 axb5 11. Bxb5 Ba6 12. Bxa6 Rxa6 13. Qc2 Qa8 14. Rb1 Rb8 15. b3 Ne8 16. a4 Nc7 17. Be3 Rab6 18. Nd2 Qa6 19. Nc4 R6b7 20. Na3 Rf8 21. Ncb5 Nxb5 22. Nxb5 f5 23. Bg5 Ne5 24. f4 Kf7 25. exf5 1-0

[Event "SVK-ch U18/20"]
[Site "Liptovsky Mikulas"]
[Date "2016.04.16"]
[Round "1"]
[White "Holtman, Teodor"]
[Black "Jakubik, Matej"]
[Result "0-1"]
[WhiteElo "2205"]
[BlackElo "1829"]
[PlyCount "76"]
[EventDate "2016.04.16"]
[EventType "swiss"]
[EventRounds "9"]
[EventCountry "SVK"]
[SourceTitle "CBM 172 Extra"]
[Source "ChessBase"]
[SourceDate "2016.06.21"]
[SourceVersion "1"]
[SourceVersionDate "2016.06.21"]
[SourceQuality "1"]

1. e4 Nf6 2. e5 Nd5 3. d4 d6 4. Bc4 Nb6 5. Bb3 d5 6. f4 Bf5 7. Be3 e6 8. Nf3 c5 9. dxc5 N6d7 10. Ba4 Bxc5 11. Bxc5 Qa5+ 12. b4 Qxa4 13. Nc3 Qa6 14. Bd6 Nc6 15. Qd2 Qc4 16. b5 Nb4 17. Bxb4 Qxb4 18. Nd4 Bg6 19. Rb1 Qc4 20. Nce2 0-0 21. 0-0 Rac8 22. Rbc1 Nc5 23. Ng3 Ne4 24. Nxe4 Bxe4 25. Qf2 Qa4 26. c3 Bd3 27. Rfd1 Rxc3 28. f5 Rxc1 29. Rxc1 Qa3 30. Qe3 Qb2 31. f6 Be4 32. Nf3 Bg6 33. Qg5 h6 34. Qf4 Re8 35. Re1 Rc8 36. Nh4 Rc4 37. Qg3 Qd4+ 38. Kh1 Qxh4 0-1

[Event "SVK-chT2D 1516"]
[Site "Slovakia"]
[Date "2016.01.24"]
[Round "7.7"]
[White "Jusko, Peter"]
[Black "Jakubik, Matej"]
[Result "0-1"]
[WhiteElo "1921"]
[BlackElo "1845"]
[PlyCount "76"]
[EventDate "2015.10.17"]
[EventType "team-tourn"]
[EventRounds "11"]
[EventCountry "SVK"]
[SourceTitle "EXT 2017"]
[Source "ChessBase"]
[SourceDate "2016.10.25"]
[SourceVersion "1"]
[SourceVersionDate "2016.10.25"]
[SourceQuality "1"]
[WhiteTeam "Sabinov II"]
[BlackTeam "Presov Slavia"]
[WhiteTeamCountry "SVK"]
[BlackTeamCountry "SVK"]

1. d4 Nf6 2. c4 c5 3. d5 b5 4. Nf3 d6 5. a4 bxc4 6. Nc3 g6 7. h3 Bg7 8. e4 Nbd7 9. Bxc4 0-0 10. Qc2 Qb6 11. 0-0 Ba6 12. Bxa6 Qxa6 13. Bf4 Rab8 14. Rfe1 Rb4 15. Rab1 Rfb8 16. Bh2 Qb7 17. Re2 Nb6 18. Ne1 Nc4 19. Nd3 Na3 20. bxa3 Rxb1+ 21. Nxb1 Qxb1+ 22. Qxb1 Rxb1+ 23. Ne1 Nd7 24. Kf1 Ne5 25. Rd2 Nc4 26. Rd3 Bb2 27. Ke2 Bxa3 28. e5 Bb4 29. Nf3 Rb2+ 30. Kf1 Ra2 31. exd6 exd6 32. Rd1 Rc2 33. Ng5 f5 34. Ne6 Nd2+ 35. Kg1 Nc4 36. Nd8 Ba5 37. Nb7 Bc7 38. Nxd6 Nb2 0-1

[Event "SVK-chT2D 14/15"]
[Site "Slovakia"]
[Date "2014.11.09"]
[Round "4.6"]
[White "Irha, Martin"]
[Black "Jakubik, Matej"]
[Result "1-0"]
[WhiteElo "1667"]
[BlackElo "1747"]
[PlyCount "51"]
[EventDate "2014.10.11"]
[EventType "team-tourn"]
[EventRounds "11"]
[EventCountry "SVK"]
[SourceTitle "EXT 2019"]
[Source "ChessBase"]
[SourceDate "2018.10.10"]
[SourceVersion "1"]
[SourceVersionDate "2018.10.10"]
[SourceQuality "1"]
[WhiteTeam "Spisska Stara Ves"]
[BlackTeam "Presov Tatran Dason"]
[WhiteTeamCountry "SVK"]
[BlackTeamCountry "SVK"]

1. e4 c5 2. Nf3 e6 3. d4 cxd4 4. Nxd4 a6 5. c4 Qc7 6. Nc3 b6 7. Bd3 Bb7 8. 0-0 Nf6 9. Re1 d6 10. Rb1 Nc6 11. Be3 Be7 12. Nxc6 Bxc6 13. f3 0-0 14. b4 Bb7 15. Na4 Nd7 16. Qd2 Rfc8 17. Qf2 Bd8 18. Rec1 Rab8 19. c5 dxc5 20. bxc5 bxc5 21. Nxc5 Nxc5 22. Rxc5 Qd7 23. Rxc8 Rxc8 24. Qe2 Qc6 25. e5 Ba5 26. Be4 1-0

[Event "SVK-ch U16"]
[Site "Stara Lubovna"]
[Date "2014.04.05"]
[Round "1"]
[White "Jakubik, Matej"]
[Black "Karas, Marek"]
[Result "0-1"]
[WhiteElo "1664"]
[BlackElo "1990"]
[PlyCount "86"]
[EventDate "2014.04.05"]
[EventType "swiss"]
[EventRounds "9"]
[EventCountry "SVK"]
[SourceTitle "EXT 2016"]
[Source "ChessBase"]
[SourceDate "2015.10.08"]
[SourceVersion "1"]
[SourceVersionDate "2015.10.08"]
[SourceQuality "1"]

1. d4 Nf6 2. c4 e6 3. Nc3 Bb4 4. Nf3 0-0 5. Bg5 c5 6. e3 d6 7. Qc2 h6 8. Bh4 Nbd7 9. Bd3 Qa5 10. 0-0 Bxc3 11. bxc3 Qc7 12. e4 Nh5 13. Nd2 cxd4 14. cxd4 e5 15. d5 Nc5 16. Bg3 Nxd3 17. Qxd3 g6 18. f4 exf4 19. Bxf4 Nxf4 20. Rxf4 f5 21. Raf1 g5 22. R4f2 f4 23. g3 Bh3 24. Re1 fxg3 25. Qxg3 Rxf2 26. Qxf2 Rf8 27. Qe3 Qd7 28. e5 Qg4+ 29. Qg3 Qd4+ 30. Qe3 dxe5 31. Qxd4 exd4 32. Re7 Rf7 33. Rxf7 Kxf7 34. Kf2 Bf5 35. Kf3 Kf6 36. Ne4+ Ke5 37. Nd2 h5 38. Kf2 g4 39. Kg3 d3 40. Nb3 b5 41. cxb5 Kxd5 42. Kf4 Bg6 43. Ke3 Kc4 0-1